Państwa o najwyższej minimalnej wysokości - Statystyki

Ogólne statystyki
  • Ten quiz został rozwiązany 8 razy
  • Średni wynik to 16 z 20
Statystyki odpowiedzi
Kontynent m Państwo % Poprawnych
Afryka 773 Burundi
100%
Azja 435 Kirgistan
100%
Afryka 950 Rwanda
100%
Europa 193 Szwajcaria
100%
Azja 258 Afganistan
86%
Afryka 1400 Lesotho
86%
Europa 430 Liechtenstein
86%
Afryka 200 Niger
86%
Afryka 335 Republika Środkowoafrykańska
86%
Afryka 350 Sudan Południowy
86%
Azja 300 Tadżykistan
86%
Afryka 621 Uganda
86%
Europa 840 Andora
71%
Azja 400 Armenia
71%
Afryka 200 Burkina Faso
71%
Azja 518 Mongolia
71%
Afryka 329 Zambia
71%
Afryka 162 Zimbabwe
71%
Afryka 513 Botswana
57%
Europa 297 Kosowo
57%
Nie znaleziono quizów pasujących do podanych kryteriów
Rozkład punktacji
Procent ludzi z każdym wynikiem
Percentyl według liczby udzielonych odpowiedzi
Twoja historia wyników
Nie rozwiązałeś tego quizu